<?xml version="1.0" encoding="UTF-8"?>
<record
    xmlns:xsi="http://www.w3.org/2001/XMLSchema-instance"
    xsi:schemaLocation="http://www.loc.gov/MARC21/slim http://www.loc.gov/standards/marcxml/schema/MARC21slim.xsd"
    xmlns="http://www.loc.gov/MARC21/slim">

  <leader>00434nam a2200145Ia 4500</leader>
  <controlfield tag="008">230411s9999    xx            000 0 und d</controlfield>
  <datafield tag="020" ind1=" " ind2=" ">
    <subfield code="a">978-93-90619-65-8</subfield>
  </datafield>
  <datafield tag="041" ind1=" " ind2=" ">
    <subfield code="a">eng</subfield>
  </datafield>
  <datafield tag="082" ind1=" " ind2=" ">
    <subfield code="a">A/611/GAR/B09821</subfield>
  </datafield>
  <datafield tag="100" ind1=" " ind2=" ">
    <subfield code="a">Garg Krishna Ed.</subfield>
  </datafield>
  <datafield tag="245" ind1=" " ind2=" ">
    <subfield code="a">B D Chaurasias Applied Anatomy and Physiology for BSc Nursing Students</subfield>
  </datafield>
  <datafield tag="260" ind1=" " ind2=" ">
    <subfield code="b">CBS Publishers &amp; Distributors</subfield>
    <subfield code="a">New Delhi</subfield>
    <subfield code="c">2022</subfield>
  </datafield>
  <datafield tag="300" ind1=" " ind2=" ">
    <subfield code="a">738p</subfield>
  </datafield>
  <datafield tag="999" ind1=" " ind2=" ">
    <subfield code="c">158687</subfield>
    <subfield code="d">158687</subfield>
  </datafield>
  <datafield tag="952" ind1=" " ind2=" ">
    <subfield code="0">0</subfield>
    <subfield code="1">0</subfield>
    <subfield code="4">0</subfield>
    <subfield code="7">3</subfield>
    <subfield code="8">A</subfield>
    <subfield code="a">BTIN</subfield>
    <subfield code="b">BTIN</subfield>
    <subfield code="d">2022-12-17</subfield>
    <subfield code="e">Patil Medical Book House</subfield>
    <subfield code="g">1395.00</subfield>
    <subfield code="i">7413</subfield>
    <subfield code="o">A 611 GAR B09821</subfield>
    <subfield code="p">BTIN-BK-9821</subfield>
    <subfield code="r">2023-04-11 00:00:00</subfield>
    <subfield code="v">920.70</subfield>
    <subfield code="w">2022-12-15</subfield>
    <subfield code="y">BK</subfield>
    <subfield code="z">B09821</subfield>
  </datafield>
  <datafield tag="952" ind1=" " ind2=" ">
    <subfield code="0">0</subfield>
    <subfield code="1">0</subfield>
    <subfield code="2">ddc</subfield>
    <subfield code="4">0</subfield>
    <subfield code="7">0</subfield>
    <subfield code="a">BTIN</subfield>
    <subfield code="b">BTIN</subfield>
    <subfield code="d">2023-03-08</subfield>
    <subfield code="e">S.K.Kothari,Pune.</subfield>
    <subfield code="g">1395.00</subfield>
    <subfield code="i">7413</subfield>
    <subfield code="l">23</subfield>
    <subfield code="m">21</subfield>
    <subfield code="o">A 612.1 GAR B10031</subfield>
    <subfield code="p">BTIN-BK-10031</subfield>
    <subfield code="q">2026-04-07</subfield>
    <subfield code="r">2026-03-27 14:34:38</subfield>
    <subfield code="s">2026-03-27</subfield>
    <subfield code="v">906.75</subfield>
    <subfield code="w">2022-12-15</subfield>
    <subfield code="y">BK</subfield>
    <subfield code="z">B10031</subfield>
  </datafield>
  <datafield tag="952" ind1=" " ind2=" ">
    <subfield code="0">0</subfield>
    <subfield code="1">0</subfield>
    <subfield code="4">0</subfield>
    <subfield code="7">0</subfield>
    <subfield code="8">A</subfield>
    <subfield code="a">BTIN</subfield>
    <subfield code="b">BTIN</subfield>
    <subfield code="d">2023-03-08</subfield>
    <subfield code="e">S.K.Kothari,Pune.</subfield>
    <subfield code="g">1395.00</subfield>
    <subfield code="i">7413</subfield>
    <subfield code="l">24</subfield>
    <subfield code="m">23</subfield>
    <subfield code="o">A 612.1 GAR B10032</subfield>
    <subfield code="p">BTIN-BK-10032</subfield>
    <subfield code="q">2026-04-07</subfield>
    <subfield code="r">2026-03-21 17:01:36</subfield>
    <subfield code="s">2026-03-21</subfield>
    <subfield code="v">906.75</subfield>
    <subfield code="w">2022-12-15</subfield>
    <subfield code="y">BK</subfield>
    <subfield code="z">B10032</subfield>
  </datafield>
  <datafield tag="952" ind1=" " ind2=" ">
    <subfield code="0">0</subfield>
    <subfield code="1">0</subfield>
    <subfield code="4">0</subfield>
    <subfield code="7">0</subfield>
    <subfield code="8">A</subfield>
    <subfield code="a">BTIN</subfield>
    <subfield code="b">BTIN</subfield>
    <subfield code="d">2023-03-08</subfield>
    <subfield code="e">S.K.Kothari,Pune.</subfield>
    <subfield code="g">1395.00</subfield>
    <subfield code="i">7413</subfield>
    <subfield code="l">26</subfield>
    <subfield code="m">22</subfield>
    <subfield code="o">A 612.1 GAR B10033</subfield>
    <subfield code="p">BTIN-BK-10033</subfield>
    <subfield code="q">2026-04-07</subfield>
    <subfield code="r">2026-03-18 15:34:58</subfield>
    <subfield code="s">2026-03-18</subfield>
    <subfield code="v">906.75</subfield>
    <subfield code="w">2022-12-15</subfield>
    <subfield code="y">BK</subfield>
    <subfield code="z">B10033</subfield>
  </datafield>
  <datafield tag="952" ind1=" " ind2=" ">
    <subfield code="0">0</subfield>
    <subfield code="1">0</subfield>
    <subfield code="4">0</subfield>
    <subfield code="7">0</subfield>
    <subfield code="8">A</subfield>
    <subfield code="a">BTIN</subfield>
    <subfield code="b">BTIN</subfield>
    <subfield code="d">2023-03-08</subfield>
    <subfield code="e">S.K.Kothari,Pune.</subfield>
    <subfield code="g">1395.00</subfield>
    <subfield code="i">7413</subfield>
    <subfield code="l">26</subfield>
    <subfield code="m">19</subfield>
    <subfield code="o">A 612.1 GAR B10034</subfield>
    <subfield code="p">BTIN-BK-10034</subfield>
    <subfield code="q">2026-04-07</subfield>
    <subfield code="r">2026-03-25 16:54:31</subfield>
    <subfield code="s">2026-03-25</subfield>
    <subfield code="v">906.75</subfield>
    <subfield code="w">2022-12-15</subfield>
    <subfield code="y">BK</subfield>
    <subfield code="z">B10034</subfield>
  </datafield>
  <datafield tag="952" ind1=" " ind2=" ">
    <subfield code="0">0</subfield>
    <subfield code="1">0</subfield>
    <subfield code="4">0</subfield>
    <subfield code="7">0</subfield>
    <subfield code="8">A</subfield>
    <subfield code="a">BTIN</subfield>
    <subfield code="b">BTIN</subfield>
    <subfield code="d">2023-03-08</subfield>
    <subfield code="e">S.K.Kothari,Pune.</subfield>
    <subfield code="g">1395.00</subfield>
    <subfield code="i">7413</subfield>
    <subfield code="l">25</subfield>
    <subfield code="m">18</subfield>
    <subfield code="o">A 612.1 GAR B10035</subfield>
    <subfield code="p">BTIN-BK-10035</subfield>
    <subfield code="q">2026-04-07</subfield>
    <subfield code="r">2026-03-13 16:23:55</subfield>
    <subfield code="s">2026-03-13</subfield>
    <subfield code="v">906.75</subfield>
    <subfield code="w">2022-12-15</subfield>
    <subfield code="y">BK</subfield>
    <subfield code="z">B10035</subfield>
  </datafield>
</record>
